Discourses of service in Shakespeare's England (Record no. 187581)
[ view plain ]
| 000 -LEADER | |
|---|---|
| fixed length control field | 02247nam a2200385Ia 4500 |
| 082 04 - DEWEY DECIMAL CLASSIFICATION NUMBER | |
| Classification number | 822.3/3 |
| 100 1# - MAIN ENTRY--AUTHOR NAME | |
| Personal name | Evett, David. |
| 245 10 - TITLE STATEMENT | |
| Title | Discourses of service in Shakespeare's England |
| 260 ## - PUBLICATION, DISTRIBUTION, ETC. (IMPRINT) | |
| Place of publication | New York : |
| Name of publisher | Palgrave Macmillan, |
| Year of publication | c2005. |
| 300 ## - PHYSICAL DESCRIPTION | |
| Number of Pages | viii, 286 p. |
| 505 0# - FORMATTED CONTENTS NOTE | |
| Formatted contents note | Ch. 1. The paradox of service and freedom -- Ch. 2. The hop and the pole : the limits of materialism -- Ch. 3. "Surprising confrontations" : discourses of service in The taming of the shrew -- Ch. 4. "Monsieur, we are not lettered" : classical influences and the early modern marketplace -- Ch. 5. "Clubs, bills, and partisans" : retainer violence and male bonding -- Ch. 6. Fidelis Servus...: good service and the obligations of obedience -- Ch. 7. ...Perpetuus Asinus : bad service and the primacy of the will -- Ch. 8. "A place in the story" : gender, commodity, alienation, and service -- Ch. 9. "As willing as bondage e'er of freedom" : the vindication of willing service in The tempest. |
| 650 #0 - SUBJECT ADDED ENTRY--TOPICAL TERM | |
| Topical Term | Master and servant |
| Topical Term | Master and servant |
| Topical Term | Household employees |
| Topical Term | Household employees |
| Topical Term | Master and servant in literature. |
| Topical Term | Household employees in literature. |
| 856 40 - ELECTRONIC LOCATION AND ACCESS | |
| Uniform Resource Identifier | http://site.ebrary.com/lib/rucke/Doc?id=10135414 |
No items available.
